000 00318nam a2200145Ia 4500
100 _aAnwani/ M.L.
650 _aElectrical Engineering
942 _cBK
654 _aElectrical engg.
245 _aBasic electrical engg.
260 _bDhanpat Rai
_aDelhi
_c1981
300 _a586
546 _aENGLISH
999 _c28552
_d28552